Wer bin ich? Fußballer erkennen #1 Schwer - Statistiken

Allgemein
  • Dieses Quiz wurde 112 mal gespielt
  • Das Durchschnittsergebnis liegt bei 5 aus 10
Antwortstatistiken
Vereine Gesuchter Spieler % Korrekt
4 1. FC Nürnberg Hamburger SV 1. FSV Mainz 05 FC Schalke 04 Stoke City Paris Saint-Germain FC Bayern München Eric Maxim Choupo-Moting
73%
5
Celta Vigo
Real Madrid
TSG 1899 Hoffenheim
Eintracht Frankfurt
Hannover 96
Stoke City
Deportivo La Coruña
Newcastle United
Deportivo Alavés
Espanyol Barcelona
Al-Gharafa
Joselu
58%
10 Brescia Calcio Inter Mailand Reggina Calcio AC Mailand Juventus Turin New York City FC Andrea Pirlo
53%
2 FC Liverpool Real Madrid Newcastle United Manchester United Stoke City Michael Owen
50%
1 Internacional Porto AlegreAC Mailand Corinthians FC São Paulo FC Chelsea FC Villarreal Tianjin Quanjian Orlando City Alexandre Pato
44%
8 FC Barcelona
AS Rom AC Mailand Ajax Amsterdam Stoke City 1. FSV Mainz 05 Deportivo Alavés Montreal Impact Vissel Kōbe
Bojan Krkic
42%
9 AC Lumezzane
Inter Mailand
Manchester City
AC Mailand
FC Liverpool
Olympique Marseille
Brescia Calcio
AC Monza
Adana Demirspor
FC Sion
Mario Balotelli
42%
7 FC Zürich VfL Wolfsburg AC Mailand PSV Eindhoven FC Turin Betis Sevilla Ricardo Rodriguez
42%
3 FC ChiassoFC Zürich Hertha BSC Dynamo Kiew FC Schalke 04 Borussia Mönchengladbach FK Pohronie Ay-Yildizspor Hückelhoven Raffael
26%
6 Molde FK Manchester United Blackburn Rovers Hannover 96 Stoke City Hatayspor Konyaspor Göztepe Izmir Mame Diouf
19%
Keine übereinstimmenden Quizze gefunden
Verteilung der Resultate
Anzahl Personen mit jedem Resultat
Perzentil nach korrekt beantworteten Fragen
Ihre Resultats-Entwicklung
Sie haben dieses Quiz noch nicht gespielt